| 000 | 00493nam a2200169 4500 | ||
|---|---|---|---|
| 001 | 117460 | ||
| 003 | ES-MaACL | ||
| 005 | 20240516063042.0 | ||
| 007 | t| | ||
| 008 | 070214s1973 sp r ||||1| spa d | ||
| 100 | 0 |
_aPedemonte, Hugo Emilio, _d1922-1994 _989865 |
|
| 245 | 1 | 0 |
_aEscrito sobre el tiempo / _cHugo E. Pedemonte. |
| 260 |
_aSevilla : _bCatólica Española, _c1973. |
||
| 300 |
_a56 p. ; _c21 cm. |
||
| 852 |
_aES-MaACL _jC-54051 _bR.87053 |
||
| 999 |
_c117460 _d117460 |
||